| 000 | 00373nam a2200133Ia 4500 | ||
|---|---|---|---|
| 008 | 150202s9999 xx 000 0 und d | ||
| 020 | _a671007939 | ||
| 050 |
_aFIC _bFIC |
||
| 100 | _aShimerman, Armin. | ||
| 245 |
_aStar Trek : _b deep space nine / _cArmin Shimerman. |
||
| 260 |
_aNew York : _bPocket Books, _c1999. |
||
| 300 |
_a424 pages : _c18 cm. |
||
| 650 | _aFiction. | ||
| 999 |
_c282383 _d282383 |
||